Eight drawings by the late Dr. Philip Norman (Record no. 107526)
[ view plain ]
| 000 -LEADER | |
|---|---|
| fixed length control field | 00893cam a22002055a 4500 |
| 001 - CONTROL NUMBER | |
| control field | L140641 |
| 008 - FIXED-LENGTH DATA ELEMENTS--GENERAL INFORMATION | |
| fixed length control field | 071003s1937 xxka e 000 0 eng d |
| 035 ## - SYSTEM CONTROL NUMBER | |
| System control number | (Sirsi) u140641 |
| 041 0# - LANGUAGE CODE | |
| Language code of text/sound track or separate title | eng |
| 110 2# - MAIN ENTRY--CORPORATE NAME | |
| Corporate name or jurisdiction name as entry element | Norman, Dr. Philip |
| 9 (RLIN) | 5365 |
| 245 00 - TITLE STATEMENT | |
| Title | Eight drawings by the late Dr. Philip Norman |
| 250 ## - EDITION STATEMENT | |
| Edition statement | Facsim. |
| 260 ## - PUBLICATION, DISTRIBUTION, ETC. | |
| Place of publication, distribution, etc. | London |
| Name of publisher, distributor, etc. | London Topographical Society |
| Date of publication, distribution, etc. | 1937 |
| 300 ## - PHYSICAL DESCRIPTION | |
| Extent | 8 sheets |
| Other physical details | ill., folder |
| Dimensions | 28 x 35 cm. |
| 505 0# - FORMATTED CONTENTS NOTE | |
| Formatted contents note | The Vine Tavern, Mile End -- Nos. 5 and 7 Aldgate -- Nos. 10 and 11 Austin Friars -- St Magnus Church from Fish Street Hill -- No. 13 Leather Lane, looking south -- Staircase of 'Old Bell' Inn, Holborn --Old houses on site now occupied by New Crosby Hall, Chelsea -- Back of old houses, Cheyne Walk |
| 520 ## - SUMMARY, ETC. | |
| Summary, etc. | Black and white reproductions of watercolours by Dr. Philip Norman. |
| 651 #4 - SUBJECT ADDED ENTRY--GEOGRAPHIC NAME | |
| Geographic name | London |
| 690 ## - LOCAL SUBJECT ADDED ENTRY--TOPICAL TERM (OCLC, RLIN) | |
| Topical term or geographic name as entry element | BUILT ENVIRONMENT |
| 942 ## - ADDED ENTRY ELEMENTS (KOHA) | |
| Suppress in OPAC | 0 |
| Withdrawn status | Lost status | Source of classification or shelving scheme | Damaged status | Not for loan | Home library | Current library | Shelving location | Date acquired | Total Checkouts | Full call number | Barcode | Date last seen | Copy number | Price effective from | Koha item type |
|---|---|---|---|---|---|---|---|---|---|---|---|---|---|---|---|
| Dewey Decimal Classification | Historic collection | Historic collection | Historic collection | 03/10/2007 | MAP CABINET DRAWER 4 | 140641-2001 | 06/08/2019 | 1 | 06/08/2019 | Archive |